Plug In Electric Vehicles in Smart Grids (Registro nro. 324813)

Detalles MARC
000 -ENCABEZADO
Número de control [NR] 01676nam a22003017a 4500
005 - FECHA Y HORA DE LA ÚLTIMA TRANSACCIÓN
control field 20240925104128.0
008 - DE LONGITUD FIJA DE DATOS DE ELEMENTOS - INFORMACIÓN GENERAL
Elementos de longitud fija [NR] 240925b ||||| |||| 00| 0 eng d
020 ## - NUMERO INTERNACIONAL NORMALIZADO PARA LIBROS [R]
Número Internacional Normalizado del libro [NR] 9789812873163
040 ## - FUENTE DE CATALOGACION [NR]
Agencia de catalogación original [NR] CO-BoUCM
Quien Cataloga David Moreno
Quien Clasifica David Moreno
041 ## - CODIGO DE IDIOMA [R]
Código de idioma para texto/pista de sonido o título separado [R] Inglés
245 10 - MENCION DE TITULO [NR]
Título [NR] Plug In Electric Vehicles in Smart Grids
Parte restante del título [NR] Charging Strategies
Mención de responsabilidad, etc. [NR] Sumedha Rajakaruna, Farhad Shahnia and Arindam Ghosh.
250 ## - MENCION DE EDICION [NR]
Mención de edición [NR] 1a. Ed
260 ## - PUBLICACION, DISTRIBUCION, ETC. (PIE DE IMPRENTA) [R]
Lugar de publicación, distribución, etc. [R] Singapore
Nombre del editor, distribuidor, etc. [R] Springer Singapore
Fecha de publicación, distribución, etc. [R] 2015
490 ## - MENCION DE SERIE [R]
Mención de serie [R] Power Systems
ISBN [NR] 1612-1287
500 ## - NOTA GENERAL [R]
Nota general [NR] Description based upon print version of record.
504 ## - NOTA DE BIBLIOGRAFIA, ETC. [R]
Nota de bibliografía, etc. [NR] Incluye referencias bibliográficas e índices
505 ## - NOTA DE CONTENIDO CON FORMATO PREESTABLECIDO [R]
Mención de responsabilidad [R] Charging Coordination Paradigms of Electric Vehicles -- Control and Management of PV Integrated Charging Facilities for PEVs -- Hierarchical Coordinated Control Strategies for Plug-in Electric Vehicle Charging -- Impacts of Plug-in Electric Vehicles Integration in Distribution Networks under Different Charging Strategies -- Smart Management of PEV Charging Enhanced by PEV Load Forecasting -- Optimal Charging Strategies of Plug-in Electric Vehicles for Minimizing Load Variance within Smart Grids.
650 14 - ASIENTO SECUNDARIO DE MATERIA - TERMINO TEMATICO [R]
Término temático o nombre geográfico como elemento de entrada [NR] Transporte
9 (RLIN) 25687
650 14 - ASIENTO SECUNDARIO DE MATERIA - TERMINO TEMATICO [R]
Término temático o nombre geográfico como elemento de entrada [NR] Política, economía y gestión energética
9 (RLIN) 183063
650 14 - ASIENTO SECUNDARIO DE MATERIA - TERMINO TEMATICO [R]
Término temático o nombre geográfico como elemento de entrada [NR] Electrónica y microelectrónica, instrumentación
9 (RLIN) 183064
650 14 - ASIENTO SECUNDARIO DE MATERIA - TERMINO TEMATICO [R]
Término temático o nombre geográfico como elemento de entrada [NR] Ciencia de la medición e instrumentación
9 (RLIN) 183065
650 14 - ASIENTO SECUNDARIO DE MATERIA - TERMINO TEMATICO [R]
Término temático o nombre geográfico como elemento de entrada [NR] Circuitos y sistemas
9 (RLIN) 183066
700 1# - ASIENTO SECUNDARIO - NOMBRE PERSONAL [R]
Nombre personal [NR] Rajakaruna, Sumedha
Término de relación [R] editor
9 (RLIN) 183067
700 1# - ASIENTO SECUNDARIO - NOMBRE PERSONAL [R]
Nombre personal [NR] Shahnia, Farhad
Término de relación [R] editor
9 (RLIN) 183068
700 1# - ASIENTO SECUNDARIO - NOMBRE PERSONAL [R]
Nombre personal [NR] Ghosh, Arindam
Término de relación [R] editor
9 (RLIN) 183069
942 ## - ELEMENTOS DE ENTRADA AGREGADOS (KOHA)
Sistema de clasificación DEWEY
Tema principal Ciencias aplicadas
Tipo de ítem principal el descrito en 300a Libro
Edición 1
Clasificación 621.3
Parte restante de la signatura top. P733
Título oculto en OPAC No
Existencias
Total préstamos Signatura topográfica Código de barras Última vez visto Ejemplar Price effective from Tipo de ítem Perdido Sistema de clasificación Dañado No prestable Tipo de ítem específico Suprimido Ubicación habitual Ubicación actual Localización Fecha de creación Forma de adquisición Costo
  621.3 P733 100173246 04/12/2025 Ej.1 25/09/2024 Libro   DEWEY     Libro   Claustro Claustro 4to piso 25/09/2024 Compra 576664.00